000 00669nam a2200229Ia 4500
003 OSt
005 20220924124056.0
006 a|||||r|||| 00| 0
007 ta
008 220923b |||||||| |||| 00| 0 urd d
024 _a316852
037 _cTextual
040 _aARTS
_cARTS
_burd
041 _2urd
_aurd
082 _aO168,3M68:g, P0
100 _aAazmi Najmus-Saher
_9194707
245 0 _aAllama Rashid ul Khairi shakhsiat aur adbi khidmaat
260 _aNew Delhi
_b Modern Publishing House India
_c2000
650 _aURDU FICTION
_93298
942 _hO168,3M68:g, P0
_cTEXL
_2CC
999 _c418270
_d418270